[Event "Wch U18"]
[Site "Montevideo"]
[Date "2017.09.26"]
[Round "11"]
[White "Allasia, Jesus"]
[Black "Zhong, Joey"]
[Result "0-1"]
[WhiteElo "1735"]
[BlackElo "1984"]
[PlyCount "52"]
[EventDate "2017.09.17"]
[EventType "swiss"]
[EventRounds "11"]
[EventCountry "URU"]
[SourceTitle "EXT 2018"]
[Source "ChessBase"]
[SourceDate "2017.10.13"]
[SourceVersion "1"]
[SourceVersionDate "2017.10.13"]
[SourceQuality "1"]

1. e4 e5 2. Nf3 Nc6 3. Bb5 a6 4. Ba4 Nf6 5. d3 d6 6. Bg5 Be7 7. h3 b5 8. Bb3 Na5 9. 0-0 0-0 10. Nc3 c6 11. Ne2 h6 12. Be3 Re8 13. Qd2 Bf8 14. c3 Nxb3 15. axb3 d5 16. Ng3 c5 17. exd5 Nxd5 18. c4 bxc4 19. bxc4 Nb4 20. Ne1 Bb7 21. f3 Qb6 22. Nc2 Nc6 23. f4 Rad8 24. Qc3 Nd4 25. fxe5 Qg6 26. Bf2 Ne2+ 0-1

[Event "Wch U18"]
[Site "Montevideo"]
[Date "2017.09.24"]
[Round "9"]
[White "Kozusek, Daniel"]
[Black "Zhong, Joey"]
[Result "1-0"]
[WhiteElo "2265"]
[BlackElo "1984"]
[PlyCount "127"]
[EventDate "2017.09.17"]
[EventType "swiss"]
[EventRounds "11"]
[EventCountry "URU"]
[SourceTitle "CBM 180 Extra"]
[Source "ChessBase"]
[SourceDate "2017.10.06"]
[SourceVersion "1"]
[SourceVersionDate "2017.10.06"]
[SourceQuality "1"]

1. d4 Nf6 2. c4 c5 3. d5 e6 4. Nf3 d6 5. Nc3 exd5 6. cxd5 g6 7. g3 Bg7 8. Bg2 0-0 9. 0-0 Re8 10. Bf4 Ne4 11. Nxe4 Rxe4 12. Nd2 Rxf4 13. gxf4 Bxb2 14. Rb1 Bg7 15. e4 Nd7 16. Re1 Bh6 17. e5 Bxf4 18. e6 Ne5 19. Re4 Qf6 20. Qa4 Bxd2 21. Qe8+ Kg7 22. Rxe5 dxe5 23. e7 Bf5 24. Qxa8 Qxe7 25. Rxb7 Qf6 26. Qxa7 c4 27. Rc7 c3 28. Qa3 c2 29. d6 c1Q+ 30. Rxc1 Bxc1 31. Qxc1 Qxd6 32. a4 h5 33. a5 h4 34. h3 Bd3 35. Qc6 Qb4 36. Qb6 Qe1+ 37. Kh2 Qe2 38. Bb7 Qd2 39. Qe3 Qc2 40. Qxe5+ f6 41. Qe7+ Kh6 42. Qe3+ g5 43. Qb6 Qc3 44. a6 Qe5+ 45. Kg2 Be4+ 46. Bxe4 Qxe4+ 47. Kf1 Qd3+ 48. Ke1 Qe4+ 49. Kd2 Qd5+ 50. Kc3 Qe5+ 51. Kc4 Qe4+ 52. Kb5 Qd5+ 53. Qc5 Qd7+ 54. Kb6 Qd8+ 55. Kb5 Qd7+ 56. Qc6 Qd3+ 57. Kb6 Qd8+ 58. Kc5 Qa5+ 59. Kd6 Qe5+ 60. Kd7 Qd4+ 61. Ke7 Kg6 62. Qe8+ Kh6 63. Kf7 Qa7+ 64. Qe7 1-0

[Event "Wch U18"]
[Site "Montevideo"]
[Date "2017.09.22"]
[Round "7"]
[White "Stabulnieks, Klavs"]
[Black "Zhong, Joey"]
[Result "1-0"]
[WhiteElo "2147"]
[BlackElo "1984"]
[PlyCount "47"]
[EventDate "2017.09.17"]
[EventType "swiss"]
[EventRounds "11"]
[EventCountry "URU"]
[SourceTitle "CBM 180 Extra"]
[Source "ChessBase"]
[SourceDate "2017.10.06"]
[SourceVersion "1"]
[SourceVersionDate "2017.10.06"]
[SourceQuality "1"]

1. d4 Nf6 2. c4 e6 3. Nc3 Bb4 4. f3 c5 5. d5 d6 6. e4 b5 7. Nge2 0-0 8. Nf4 e5 9. Nfe2 Nh5 10. g4 Qh4+ 11. Kd2 f5 12. gxh5 fxe4 13. fxe4 Qxe4 14. Ng3 Qd4+ 15. Kc2 Rf2+ 16. Be2 bxc4 17. Bd2 Na6 18. a3 Ba5 19. Nb5 Bf5+ 20. Kc1 c3 21. Bxc3 Qf4+ 22. Qd2 Bxc3 23. Nxc3 Qh4 24. Nxf5 1-0

[Event "Wch U18"]
[Site "Montevideo"]
[Date "2017.09.17"]
[Round "1"]
[White "Zapata Charles, Santiago"]
[Black "Zhong, Joey"]
[Result "1-0"]
[WhiteElo "2348"]
[BlackElo "1984"]
[PlyCount "97"]
[EventDate "2017.09.17"]
[EventType "swiss"]
[EventRounds "11"]
[EventCountry "URU"]
[SourceTitle "CBM 180 Extra"]
[Source "ChessBase"]
[SourceDate "2017.10.06"]
[SourceVersion "1"]
[SourceVersionDate "2017.10.06"]
[SourceQuality "1"]

1. e4 e5 2. Nf3 Nc6 3. Bc4 Nf6 4. d3 Be7 5. c3 0-0 6. 0-0 d6 7. Nbd2 Na5 8. Bb5 a6 9. Ba4 b5 10. Bc2 c5 11. Re1 Nc6 12. Nf1 Re8 13. h3 h6 14. a4 Be6 15. d4 cxd4 16. cxd4 exd4 17. Nxd4 Nxd4 18. Qxd4 Rc8 19. Bd3 d5 20. e5 Ne4 21. Bxe4 dxe4 22. Qxe4 Rc4 23. Qe2 Bb4 24. Rd1 Qc7 25. axb5 axb5 26. f4 Qc6 27. Be3 Rc2 28. Rac1 Rxe2 29. Rxc6 Bb3 30. Rdc1 Rxb2 31. Bd4 Ra2 32. Rc8 Rxc8 33. Rxc8+ Kh7 34. Rb8 Bc4 35. Ne3 Rd2 36. Ba7 Bd3 37. Rb7 Kg8 38. f5 Ra2 39. e6 fxe6 40. fxe6 Be4 41. Rxb5 Bd2 42. Rb8+ Kh7 43. e7 Rxa7 44. Rh8+ Kxh8 45. e8Q+ Kh7 46. Qxe4+ Kh8 47. Qe8+ Kh7 48. Nd5 Bg5 49. h4 1-0

[Event "CAN-ch U18"]
[Site "Sault Ste Marie"]
[Date "2017.07.08"]
[Round "5.6"]
[White "Hay, Jonathan"]
[Black "Zhong, Joey"]
[Result "1/2-1/2"]
[WhiteElo "1940"]
[BlackElo "2156"]
[PlyCount "77"]
[EventDate "2017.07.06"]
[EventType "swiss"]
[EventRounds "7"]
[EventCountry "CAN"]
[SourceTitle "EXT 2022"]
[Source "ChessBase"]
[SourceDate "2021.10.06"]
[SourceVersion "1"]
[SourceVersionDate "2021.10.06"]
[SourceQuality "1"]

1. d4 Nf6 2. Bf4 g6 3. Nc3 d5 4. e3 Bg7 5. h4 c5 6. Nb5 Na6 7. c3 0-0 8. Be2 h5 9. Nf3 Ng4 10. Nh2 e5 11. dxe5 Nxe5 12. g4 hxg4 13. Nxg4 Bxg4 14. Bxg4 c4 15. Bxe5 Bxe5 16. h5 Nc5 17. Be2 Ne4 18. Bf3 Nc5 19. Be2 Qb6 20. Qxd5 Qxb5 21. Bxc4 Qxb2 22. Rd1 Qxc3+ 23. Kf1 Rad8 24. Qxd8 Rxd8 25. Rxd8+ Kg7 26. h6+ Kf6 27. Be2 Ke7 28. Ra8 Nd3 29. Kg2 Ne1+ 30. Kf1 Nd3 31. Kg2 Ne1+ 32. Kf1 Qc6 33. f3 Nxf3 34. h7 Nd2+ 35. Kg1 Qc1+ 36. Kg2 Qc6+ 37. Kg1 Qc1+ 38. Kg2 Qc6+ 39. Kg1 1/2-1/2

[Event "Windsor NAYCC U16"]
[Site "Windsor"]
[Date "2016.08.11"]
[Round "9.29"]
[White "Li, Zhaozhi"]
[Black "Zhong, Joey"]
[Result "1-0"]
[WhiteElo "2305"]
[BlackElo "2024"]
[PlyCount "59"]
[EventDate "2016.08.07"]
[EventType "swiss"]
[EventRounds "9"]
[EventCountry "CAN"]
[SourceTitle "EXT 2022"]
[Source "ChessBase"]
[SourceDate "2021.10.06"]
[SourceVersion "1"]
[SourceVersionDate "2021.10.06"]
[SourceQuality "1"]

1. d4 Nf6 2. c4 d6 3. Nc3 g6 4. Nf3 Bg7 5. e4 c5 6. d5 e6 7. h3 exd5 8. cxd5 a6 9. a4 Nbd7 10. Bd3 Nh5 11. 0-0 Ne5 12. Nxe5 Bxe5 13. f4 Bd4+ 14. Kh2 Qh4 15. Qe1 Qf6 16. Ne2 Bxb2 17. e5 Bxe5 18. fxe5 Qxe5+ 19. Nf4 0-0 20. Qxe5 dxe5 21. Nxh5 gxh5 22. Bg5 f5 23. Be7 Re8 24. Bxc5 e4 25. Be2 Bd7 26. a5 Rac8 27. Bb6 Rc2 28. Bxh5 Re5 29. Bd1 Rb2 30. Bd4 1-0

[Event "Windsor NAYCC U16"]
[Site "Windsor"]
[Date "2016.08.11"]
[Round "8.31"]
[White "Zhong, Joey"]
[Black "Bellissimo, Joseph F"]
[Result "1-0"]
[WhiteElo "2024"]
[BlackElo "2142"]
[PlyCount "105"]
[EventDate "2016.08.07"]
[EventType "swiss"]
[EventRounds "9"]
[EventCountry "CAN"]
[SourceTitle "EXT 2022"]
[Source "ChessBase"]
[SourceDate "2021.10.06"]
[SourceVersion "1"]
[SourceVersionDate "2021.10.06"]
[SourceQuality "1"]

1. c4 e5 2. Nc3 Nf6 3. Nf3 Nc6 4. e4 Bb4 5. d3 d6 6. a3 Bxc3+ 7. bxc3 h6 8. Be2 0-0 9. 0-0 Ne7 10. Nh4 g5 11. Nf3 Ng6 12. h4 Nh7 13. hxg5 hxg5 14. Nh2 f5 15. exf5 Bxf5 16. Ng4 Kg7 17. g3 Qd7 18. Ne3 Bh3 19. Bg4 Bxg4 20. Qxg4 Qxg4 21. Nxg4 Nf6 22. Ne3 Ne7 23. d4 e4 24. Rb1 b6 25. c5 d5 26. a4 Rab8 27. Ba3 Kf7 28. c4 c6 29. cxb6 Rxb6 30. Bc5 Rbb8 31. Bxa7 Ra8 32. Rb7 Ke6 33. Bc5 Rf7 34. Rfb1 Nd7 35. Bxe7 Rxe7 36. cxd5+ cxd5 37. Rc1 Ra6 38. Rcc7 Rf7 39. Ra7 Rb6 40. a5 Rb1+ 41. Kg2 Rb2 42. Rc6+ Ke7 43. Nxd5+ Kf8 44. Rc8+ Kg7 45. Rcc7 g4 46. Nf4 e3 47. Rxd7 Rxd7 48. Rxd7+ Kf6 49. Rd6+ Kf5 50. Rd5+ Kf6 51. Re5 Rxf2+ 52. Kg1 Rf3 53. Rxe3 1-0

[Event "Windsor NAYCC U16"]
[Site "Windsor"]
[Date "2016.08.10"]
[Round "6.34"]
[White "Daggupati, Balaji"]
[Black "Zhong, Joey"]
[Result "0-1"]
[WhiteElo "1932"]
[BlackElo "2024"]
[PlyCount "60"]
[EventDate "2016.08.07"]
[EventType "swiss"]
[EventRounds "9"]
[EventCountry "CAN"]
[SourceTitle "EXT 2022"]
[Source "ChessBase"]
[SourceDate "2021.10.06"]
[SourceVersion "1"]
[SourceVersionDate "2021.10.06"]
[SourceQuality "1"]

1. e4 e5 2. Nf3 Nc6 3. Bb5 a6 4. Ba4 d6 5. c3 f5 6. exf5 Bxf5 7. 0-0 Bd3 8. Re1 Be7 9. Re3 e4 10. Ne1 Bg5 11. Nxd3 Bxe3 12. Nb4 Bxf2+ 13. Kxf2 Qh4+ 14. Kg1 Nh6 15. d3 0-0 16. g3 Qh3 17. Bxh6 Ne5 18. Bf4 Nf3+ 19. Kf2 Qxh2+ 20. Ke3 g5 21. Kxe4 gxf4 22. Qxf3 fxg3 23. Qg4+ Kh8 24. Kd5 c5 25. Na3 Rg8 26. Qf4 Qh5+ 27. Kxd6 Raf8 28. Qe3 Rg6+ 29. Kc7 Rg7+ 30. Kb6 cxb4 0-1

[Event "Windsor NAYCC U16"]
[Site "Windsor"]
[Date "2016.08.10"]
[Round "7.32"]
[White "Zhong, Joey"]
[Black "Rodrigue Lemieux, Shawn"]
[Result "1/2-1/2"]
[WhiteElo "2024"]
[BlackElo "2044"]
[PlyCount "90"]
[EventDate "2016.08.07"]
[EventType "swiss"]
[EventRounds "9"]
[EventCountry "CAN"]
[SourceTitle "EXT 2022"]
[Source "ChessBase"]
[SourceDate "2021.10.06"]
[SourceVersion "1"]
[SourceVersionDate "2021.10.06"]
[SourceQuality "1"]

1. e4 c6 2. d4 d5 3. e5 Bf5 4. Nf3 e6 5. Be2 Nd7 6. 0-0 Ne7 7. Nbd2 c5 8. c4 cxd4 9. Nxd4 Nxe5 10. cxd5 Qxd5 11. Qa4+ N7c6 12. Nxc6 Nxc6 13. Bf3 Qd7 14. Nc4 Ne5 15. Qxd7+ Nxd7 16. Bxb7 Rd8 17. Rd1 Bc5 18. Nd6+ Bxd6 19. Rxd6 Ke7 20. Rd1 Nc5 21. Rxd8 Rxd8 22. Bf3 Nd3 23. Be3 a6 24. b3 e5 25. g4 Bg6 26. h4 h6 27. Bb7 Rd6 28. b4 Kd7 29. a4 Kc7 30. Bg2 f5 31. gxf5 Bxf5 32. b5 Nf4 33. b6+ Kb8 34. Bf1 Rg6+ 35. Kh2 Rg4 36. Bxf4 Rxf4 37. Bxa6 Rxf2+ 38. Kg3 Rb2 39. a5 Rb3+ 40. Kf2 Bd3 41. Bxd3 Rxd3 42. a6 Rb3 43. a7+ Ka8 44. Rg1 g5 45. hxg5 hxg5 1/2-1/2

[Event "Windsor NAYCC U16"]
[Site "Windsor"]
[Date "2016.08.09"]
[Round "4.40"]
[White "Zhang, Jeff"]
[Black "Zhong, Joey"]
[Result "0-1"]
[WhiteElo "1907"]
[BlackElo "2024"]
[PlyCount "60"]
[EventDate "2016.08.07"]
[EventType "swiss"]
[EventRounds "9"]
[EventCountry "CAN"]
[SourceTitle "EXT 2022"]
[Source "ChessBase"]
[SourceDate "2021.10.06"]
[SourceVersion "1"]
[SourceVersionDate "2021.10.06"]
[SourceQuality "1"]

1. e4 e5 2. Nf3 Nc6 3. Bc4 Nf6 4. Ng5 d5 5. exd5 Na5 6. Bb5+ c6 7. dxc6 bxc6 8. Qf3 Be7 9. Nc3 0-0 10. Bd3 h6 11. Nge4 Nd5 12. Ng3 Nb4 13. b3 Nxd3+ 14. Qxd3 Qxd3 15. cxd3 Nb7 16. 0-0 Rd8 17. Re1 f6 18. Nce4 Rxd3 19. Re3 Rd8 20. Ne2 a5 21. Bb2 f5 22. N4c3 Rxd2 23. Bc1 Rd8 24. Rxe5 Bf6 25. Re3 f4 26. Re4 g5 27. Ba3 Bf5 28. Ra4 Rd2 29. Rd1 Rxd1+ 30. Nxd1 Re8 0-1

[Event "Windsor NAYCC U16"]
[Site "Windsor"]
[Date "2016.08.07"]
[Round "1.40"]
[White "Zhong, Joey"]
[Black "D'Amore, Tyler"]
[Result "1-0"]
[WhiteElo "2024"]
[BlackElo "1808"]
[PlyCount "35"]
[EventDate "2016.08.07"]
[EventType "swiss"]
[EventRounds "9"]
[EventCountry "CAN"]
[SourceTitle "EXT 2022"]
[Source "ChessBase"]
[SourceDate "2021.10.06"]
[SourceVersion "1"]
[SourceVersionDate "2021.10.06"]
[SourceQuality "1"]

1. e4 e5 2. Nf3 Nc6 3. Bc4 Bc5 4. 0-0 Nf6 5. d4 exd4 6. e5 d5 7. exf6 dxc4 8. fxg7 Rg8 9. Bg5 Qd5 10. Nc3 Qf5 11. Re1+ Be6 12. Ne4 Be7 13. Bxe7 Nxe7 14. Qxd4 Nd5 15. Ng3 Qf6 16. Qxd5 c6 17. Qh5 0-0-0 18. Qe5 1-0

[Event "Aurora Fall op"]
[Site "Aurora "]
[Date "2015.10.03"]
[Round "3.6"]
[White "Zhong, Joey"]
[Black "Surya, Benito"]
[Result "1-0"]
[WhiteElo "2111"]
[BlackElo "1937"]
[PlyCount "75"]
[EventDate "2015.10.03"]
[EventType "swiss"]
[EventRounds "5"]
[EventCountry "CAN"]
[SourceTitle "EXT 2019"]
[Source "ChessBase"]
[SourceDate "2018.10.10"]
[SourceVersion "1"]
[SourceVersionDate "2018.10.10"]
[SourceQuality "1"]

1. c4 e5 2. Nc3 Nc6 3. Nf3 g6 4. d4 Bg7 5. d5 Nce7 6. e4 d6 7. Be2 f5 8. Ng5 h6 9. Ne6 Bxe6 10. dxe6 Qc8 11. Bf3 f4 12. Qa4+ c6 13. Qb4 Qxe6 14. Qxb7 Qc8 15. Qb4 Qb8 16. Qa3 Nf6 17. c5 d5 18. exd5 cxd5 19. Qa4+ Kf7 20. Nb5 Rd8 21. Bd2 Kg8 22. 0-0 a6 23. Nd6 Nc8 24. Bc3 e4 25. Bxf6 Bxf6 26. Nxe4 dxe4 27. Qxe4 Ra7 28. Qxg6+ Bg7 29. Rad1 Ne7 30. Qe6+ Kh8 31. c6 Rc7 32. h3 Rxd1 33. Rxd1 Qg8 34. Qd6 Qc8 35. Bg4 Qb8 36. Bd7 Qa7 37. Qxe7 Bd4 38. Qf8+ 1-0

[Event "North American-ch U20"]
[Site "Kitchener"]
[Date "2015.07.28"]
[Round "5"]
[White "Vettese, Nicholas"]
[Black "Zhong, Joey"]
[Result "0-1"]
[WhiteElo "2181"]
[BlackElo "1897"]
[PlyCount "70"]
[EventDate "2015.07.26"]
[EventType "swiss"]
[EventRounds "9"]
[EventCountry "CAN"]
[SourceTitle "EXT 2019"]
[Source "ChessBase"]
[SourceDate "2018.10.10"]
[SourceVersion "1"]
[SourceVersionDate "2018.10.10"]
[SourceQuality "1"]

1. e4 c5 2. Nf3 e6 3. d4 cxd4 4. Nxd4 Nc6 5. Nc3 Qc7 6. Be3 Nf6 7. a3 a6 8. Be2 b5 9. f4 Bb7 10. 0-0 d6 11. Bf3 Be7 12. Qe1 0-0 13. Rd1 Na5 14. b3 Rac8 15. Bd2 Nc6 16. Nde2 Rfd8 17. g4 d5 18. e5 Ne4 19. Bxe4 dxe4 20. Be3 Rxd1 21. Nxd1 Bxa3 22. c3 Bf8 23. Qf2 Qd7 24. Nb2 Na5 25. Rd1 Qc6 26. b4 Nc4 27. Nxc4 Qxc4 28. Rd7 Bd5 29. Qe1 Ra8 30. Qd2 a5 31. bxa5 Rxa5 32. Ra7 Rxa7 33. Bxa7 Qd3 34. Be3 Bc5 35. Nd4 b4 0-1

[Event "North American-ch U20"]
[Site "Kitchener"]
[Date "2015.07.28"]
[Round "4"]
[White "Zhong, Joey"]
[Black "Ming, Wenyang"]
[Result "1/2-1/2"]
[WhiteElo "1897"]
[BlackElo "1834"]
[PlyCount "52"]
[EventDate "2015.07.26"]
[EventType "swiss"]
[EventRounds "9"]
[EventCountry "CAN"]
[SourceTitle "EXT 2019"]
[Source "ChessBase"]
[SourceDate "2018.10.10"]
[SourceVersion "1"]
[SourceVersionDate "2018.10.10"]
[SourceQuality "1"]

1. e4 c5 2. Nf3 d6 3. Bb5+ Bd7 4. Bxd7+ Qxd7 5. 0-0 Nf6 6. e5 dxe5 7. Nxe5 Qd6 8. Qe2 Nbd7 9. Nc4 Qc6 10. Nc3 e6 11. d3 Be7 12. Bf4 0-0 13. a4 b6 14. Rfe1 a6 15. Ne5 Nxe5 16. Qxe5 Nd7 17. Qe4 Rac8 18. Qc4 Qb7 19. Ne4 Rc6 20. Qc3 Rd8 21. Rad1 Nf6 22. Nxf6+ Bxf6 23. Be5 Bxe5 24. Rxe5 Rcd6 25. a5 Rd4 26. axb6 c4 1/2-1/2

[Event "North American-ch U20"]
[Site "Kitchener"]
[Date "2015.07.27"]
[Round "2"]
[White "Zhong, Joey"]
[Black "Guo, Thomas"]
[Result "1-0"]
[WhiteElo "1897"]
[BlackElo "1664"]
[PlyCount "187"]
[EventDate "2015.07.26"]
[EventType "swiss"]
[EventRounds "9"]
[EventCountry "CAN"]
[SourceTitle "EXT 2019"]
[Source "ChessBase"]
[SourceDate "2018.10.10"]
[SourceVersion "1"]
[SourceVersionDate "2018.10.10"]
[SourceQuality "1"]

1. d4 e6 2. c4 Nf6 3. g3 Bb4+ 4. Bd2 Bxd2+ 5. Nxd2 d6 6. Ngf3 Nbd7 7. Bg2 0-0 8. 0-0 Re8 9. e4 e5 10. d5 Nc5 11. Ne1 a5 12. b3 Bd7 13. a3 b6 14. Qc2 Qe7 15. Rb1 Ra7 16. Nd3 Nxd3 17. Qxd3 Rb8 18. Rfc1 Rba8 19. Qc3 h6 20. Ra1 Qe8 21. Ra2 Qd8 22. Qc2 Be8 23. Nf3 Bd7 24. Ne1 Be8 25. Nd3 Nd7 26. f4 f6 27. fxe5 fxe5 28. Bh3 Nf6 29. Bf5 Bd7 30. Rf1 Bxf5 31. Rxf5 Qd7 32. Qg2 Rf8 33. Raf2 Raa8 34. Qf3 Rae8 35. Kg2 Re7 36. Qe2 Ref7 37. h3 Qe8 38. Nc1 Qd7 39. Na2 Ra8 40. Nc3 Rff8 41. Qf3 Rf7 42. Qe3 Rff8 43. Qf3 Rf7 44. g4 Raf8 45. Qg3 Qe7 46. Qh4 Qe8 47. Qg3 Nh7 48. Rxf7 Rxf7 49. Rxf7 Qxf7 50. Qf3 Qxf3+ 51. Kxf3 g5 52. Nb5 Nf6 53. Nxc7 Kf7 54. Nb5 Ke7 55. Nc3 Kd7 56. Ne2 Ke7 57. Ng3 Kd7 58. Ke3 Kc7 59. Kd3 Kd7 60. Kc3 Kc7 61. b4 axb4+ 62. axb4 Kd7 63. Kb3 Kc7 64. Ka4 Kb7 65. Kb5 Ne8 66. Nf5 Kc7 67. Ka6 Nf6 68. Ng3 Nd7 69. Nh5 Nb8+ 70. Kb5 Nd7 71. Ng3 Nf6 72. c5 bxc5 73. bxc5 dxc5 74. Kxc5 Nd7+ 75. Kb5 Nf6 76. Ka6 Ne8 77. Nf5 Nf6 78. Ng3 Ne8 79. Kb5 Nf6 80. Kc4 Kb6 81. Kd3 Kc7 82. Ke3 Kd7 83. Kf3 Kc7 84. Nf5 h5 85. gxh5 Nxh5 86. Kg4 Nf6+ 87. Kf3 Kd7 88. Ng7 Nh7 89. Ne6 Ke7 90. Kg4 Kf6 91. Kh5 g4 92. hxg4 Ke7 93. g5 Ke8 94. Kg6 1-0

[Event "CAN-ch"]
[Site "Guelph"]
[Date "2015.07.12"]
[Round "5"]
[White "Zhong, Joey"]
[Black "Doknjas, Joshua"]
[Result "1/2-1/2"]
[WhiteElo "1897"]
[BlackElo "1998"]
[PlyCount "104"]
[EventDate "2015.07.10"]
[EventType "swiss"]
[EventRounds "9"]
[EventCountry "CAN"]
[SourceTitle "CBM 167 Extra"]
[Source "ChessBase"]
[SourceDate "2015.09.14"]
[SourceVersion "1"]
[SourceVersionDate "2015.09.14"]
[SourceQuality "1"]

1. e4 c5 2. Nf3 d6 3. Bb5+ Nd7 4. d4 cxd4 5. Qxd4 a6 6. Bxd7+ Bxd7 7. c4 Rc8 8. Nc3 Qc7 9. b3 e5 10. Qd3 b5 11. Nd5 Qb7 12. 0-0 Ne7 13. Nxe7 Bxe7 14. Ba3 b4 15. Bb2 0-0 16. Rfe1 f5 17. exf5 Bc6 18. f6 Rxf6 19. Ng5 Rg6 20. Ne4 Qd7 21. f3 Rf8 22. Kh1 Bh4 23. Re2 Qc7 24. Rd1 Be7 25. Bc1 Rc8 26. Rc2 Qb8 27. Bb2 a5 28. a4 Rd8 29. Qe2 Re6 30. Rcd2 h6 31. Rd3 Kh8 32. Qe3 Qc7 33. Qe2 Bb7 34. Qe3 Bc6 35. Qe2 Kh7 36. Qe3 Qb8 37. Qe2 Qa7 38. R3d2 Kg8 39. Rd3 Kh8 40. R3d2 Bf8 41. Rd3 Be7 42. Bc1 Qa8 43. Qe3 Kh7 44. Bb2 Rg6 45. h3 Kh8 46. Kh2 Qb8 47. Kh1 Kh7 48. Kh2 Qa8 49. Kh1 Qc8 50. Kh2 Kh8 51. Kh1 Qf5 52. Kh2 Qc8 1/2-1/2

[Event "CAN-ch U16"]
[Site "Windsor"]
[Date "2015.07.07"]
[Round "2.6"]
[White "Zhong, Joey"]
[Black "Yu, Zong Yang"]
[Result "1-0"]
[WhiteElo "2114"]
[BlackElo "2350"]
[PlyCount "105"]
[EventDate "2015.07.06"]
[EventType "swiss"]
[EventRounds "7"]
[EventCountry "CAN"]
[SourceTitle "EXT 2022"]
[Source "ChessBase"]
[SourceDate "2021.10.06"]
[SourceVersion "1"]
[SourceVersionDate "2021.10.06"]
[SourceQuality "1"]

1. e4 c5 2. Nf3 d6 3. Bb5+ Nd7 4. d4 Ngf6 5. 0-0 cxd4 6. Qxd4 e5 7. Qd3 h6 8. c4 Be7 9. Nc3 0-0 10. Be3 a6 11. Ba4 Qc7 12. b4 Nb6 13. Bb3 Bd7 14. Rac1 Rfc8 15. c5 dxc5 16. bxc5 Bxc5 17. Nd5 Qd8 18. Nxf6+ Qxf6 19. Bxc5 Bb5 20. Qd6 Bxf1 21. Rxf1 Qxd6 22. Bxd6 Nc4 23. Bxe5 Kf8 24. Bf4 b5 25. h4 Rd8 26. Ne5 Rac8 27. Rc1 Nxe5 28. Rxc8 Nf3+ 29. gxf3 Rxc8 30. Bd2 Ke7 31. Kg2 Kf6 32. f4 Rc7 33. Kg3 g6 34. Bb4 Rd7 35. Bf8 h5 36. e5+ Kf5 37. Bc2+ Ke6 38. Bb3+ Kf5 39. Bc2+ Ke6 40. Bd6 Kd5 41. f5 gxf5 42. Bxf5 Rd8 43. f4 a5 44. Bd3 b4 45. Bc2 Kd4 46. Bd1 Rg8+ 47. Kf2 Rh8 48. Bb3 Rh7 49. Bc7 Rg7 50. Bxa5 Ke4 51. Bxb4 Kxf4 52. Bc3 Rh7 53. Bc2 1-0

[Event "Aurora Spring op"]
[Site "Aurora "]
[Date "2015.03.15"]
[Round "4.2"]
[White "Zhong, Joey"]
[Black "Zhang, Yuanchen"]
[Result "0-1"]
[WhiteElo "1980"]
[BlackElo "2110"]
[PlyCount "54"]
[EventDate "2015.03.14"]
[EventType "swiss"]
[EventRounds "5"]
[EventCountry "CAN"]
[SourceTitle "EXT 2019"]
[Source "ChessBase"]
[SourceDate "2018.10.10"]
[SourceVersion "1"]
[SourceVersionDate "2018.10.10"]
[SourceQuality "1"]

1. e4 e5 2. Nf3 Nc6 3. Nc3 Nf6 4. Bb5 Bb4 5. 0-0 0-0 6. d3 d6 7. Bg5 Ne7 8. Nh4 c6 9. Bc4 a5 10. a3 Bxc3 11. bxc3 d5 12. Ba2 Qd6 13. Qf3 h6 14. Bxf6 Qxf6 15. Qxf6 gxf6 16. exd5 Nxd5 17. Bxd5 cxd5 18. f4 Ra6 19. Nf3 Re8 20. Rab1 Rc6 21. Rb5 e4 22. Nd4 Rxc3 23. Rxd5 exd3 24. cxd3 Rxd3 25. Rc1 Be6 26. Nxe6 Rxd5 27. Nc7 Rc8 0-1

[Event "Toronto Hart House Holidays op"]
[Site "Toronto"]
[Date "2014.12.20"]
[Round "3"]
[White "Zhong, Joey"]
[Black "Noritsyn, Nikolay"]
[Result "0-1"]
[WhiteElo "2137"]
[BlackElo "2602"]
[PlyCount "110"]
[EventDate "2014.12.19"]
[EventType "swiss"]
[EventRounds "5"]
[EventCountry "CAN"]
[SourceTitle "EXT 2022"]
[Source "ChessBase"]
[SourceDate "2021.10.06"]
[SourceVersion "1"]
[SourceVersionDate "2021.10.06"]
[SourceQuality "1"]

1. e4 c5 2. Nf3 Nc6 3. Bb5 e6 4. Bxc6 bxc6 5. d3 Ne7 6. Qe2 f6 7. Nh4 g6 8. f4 Bg7 9. Nf3 e5 10. fxe5 fxe5 11. Nbd2 0-0 12. Nc4 d6 13. Bg5 h6 14. Bd2 g5 15. Ba5 Qd7 16. 0-0-0 Ng6 17. g3 Ba6 18. Bc3 Qe6 19. Rde1 d5 20. exd5 cxd5 21. Ncxe5 d4 22. Nxg6 Qxg6 23. Bd2 Qf7 24. b3 Rae8 25. Nxg5 Rxe2 26. Nxf7 Rxe1+ 27. Rxe1 Kxf7 28. Bf4 Rc8 29. Kb2 Bb7 30. Bd6 Bf6 31. Rf1 Ke6 32. Bf4 h5 33. a4 Bg2 34. Re1+ Kd5 35. Re2 Bh3 36. Rf2 Rc6 37. Bb8 a6 38. Bf4 Re6 39. Bd2 Bg4 40. Ba5 Be7 41. Rf7 Re2 42. Bc7 Bg5 43. h4 Bd2 44. Rf6 Be6 45. Rf1 Bc3+ 46. Kb1 Bh3 47. Rd1 Rf2 48. Bf4 Bg4 49. Rg1 Be2 50. Bc1 Bb4 51. Bb2 Ke6 52. Bc1 Kf5 53. Bf4 Bf1 54. Bc1 Kg4 55. Rh1 Kxg3 0-1

[Event "North American-ch U20"]
[Site "Kitchener"]
[Date "2014.08.04"]
[Round "9.18"]
[White "Guo, Thomas"]
[Black "Zhong, Joey"]
[Result "0-1"]
[WhiteElo "1736"]
[BlackElo "1892"]
[PlyCount "52"]
[EventDate "2014.07.31"]
[EventType "swiss"]
[EventRounds "9"]
[EventCountry "CAN"]
[SourceTitle "EXT 2022"]
[Source "ChessBase"]
[SourceDate "2021.10.06"]
[SourceVersion "1"]
[SourceVersionDate "2021.10.06"]
[SourceQuality "1"]

1. e4 e6 2. d4 d5 3. e5 c5 4. c3 Nc6 5. Nf3 Bd7 6. a3 f6 7. exf6 Nxf6 8. Be3 cxd4 9. cxd4 Bd6 10. Nc3 0-0 11. Be2 h6 12. 0-0 Be8 13. Qc2 Bh5 14. Rac1 Rc8 15. Rfe1 Bb8 16. Nd2 Ng4 17. Bxg4 Bxg4 18. h3 Bf5 19. Qd1 Qf6 20. Nb3 Qh4 21. Nc5 Bxh3 22. gxh3 Qxh3 23. Qc2 Bh2+ 24. Kh1 Rf5 25. f3 Bf4+ 26. Kg1 Rg5+ 0-1

[Event "Pan American-ch U14"]
[Site "Oaxtepec"]
[Date "2014.07.14"]
[Round "5"]
[White "Mendoza Criollo, Carlos David"]
[Black "Zhong, Joey"]
[Result "1/2-1/2"]
[WhiteElo "1781"]
[BlackElo "1892"]
[PlyCount "29"]
[EventDate "2014.07.11"]
[EventType "swiss"]
[EventRounds "9"]
[EventCountry "MEX"]
[SourceTitle "EXT 2022"]
[Source "ChessBase"]
[SourceDate "2021.10.06"]
[SourceVersion "1"]
[SourceVersionDate "2021.10.06"]
[SourceQuality "1"]

1. d4 Nf6 2. c4 g6 3. Nc3 Bg7 4. e4 d6 5. h3 0-0 6. Bd3 Nc6 7. Nge2 Nd7 8. Be3 e5 9. d5 Nd4 10. Bb1 c5 11. dxc6 bxc6 12. Nxd4 exd4 13. Bxd4 Ne5 14. 0-0 Be6 15. f4 1/2-1/2

[Event "Pan American-ch U14"]
[Site "Oaxtepec"]
[Date "2014.07.12"]
[Round "3"]
[White "Velasco Pilpe, Isacc Israel"]
[Black "Zhong, Joey"]
[Result "0-1"]
[WhiteElo "1473"]
[BlackElo "1892"]
[PlyCount "54"]
[EventDate "2014.07.11"]
[EventType "swiss"]
[EventRounds "9"]
[EventCountry "MEX"]
[SourceTitle "EXT 2022"]
[Source "ChessBase"]
[SourceDate "2021.10.06"]
[SourceVersion "1"]
[SourceVersionDate "2021.10.06"]
[SourceQuality "1"]

1. e4 c5 2. Nf3 e6 3. c4 Nc6 4. d4 cxd4 5. Nxd4 Nf6 6. Nc3 Bb4 7. f3 d5 8. cxd5 exd5 9. Nxc6 bxc6 10. e5 Qe7 11. Qe2 Nd7 12. f4 Nc5 13. Bd2 Bf5 14. Qe3 0-0 15. Be2 d4 16. Qxd4 Rfd8 17. Qxb4 Nd3+ 18. Bxd3 Qxb4 19. Bxf5 Rxd2 20. Bxh7+ Kxh7 21. Kxd2 Qxb2+ 22. Kd3 Rd8+ 23. Kc4 c5 24. Rab1 Rd4+ 25. Kxc5 Qxc3+ 26. Kb5 Qc4+ 27. Ka5 Qa4# 0-1